Pedagogická encyklopédia Slovenska 2 : P - Ž

Na minha lista:
Detalhes bibliográficos
Main Authors: Kips, Milan (Author), a kol (Author)
Formato: Livro
Idioma:eslovaco
Publicado em: Bratislava : Veda, 1985
Edição:1. vyd.
Tags: Adicionar Tag
Sem tags, seja o primeiro a adicionar uma tag!

MARC

LEADER 00000nam a22000003a 4500
001 stu11033
005 20220404190135.3
008 950209s1985----cs------------------slo-d
040 |a STU  |b slo 
041 0 |a slo 
044 |a cs 
100 1 |a Kips, Milan  |4 aut 
245 1 |a Pedagogická encyklopédia Slovenska 2 :  |b P - Ž 
250 |a 1. vyd. 
260 |a Bratislava :  |b Veda,  |c 1985 
300 |a 702 s 
700 1 |a a kol.  |4 aut 
996 |b 284AU00961  |c A*1151  |l AAKNST  |s P  |a 0  |w stu11033_0001